| 000 | 00777nam a2200241 a 4500 | ||
|---|---|---|---|
| 001 | BRCA_5357 | ||
| 005 | 20190320205039.0 | ||
| 008 | 081210s1974----enkaf#####---#000-0#eng-# | ||
| 020 | _a0091223601 | ||
| 041 | _aeng | ||
| 044 | _aenk | ||
| 050 | 4 |
_aN5208.5 _b.C47 1974 |
|
| 245 | 1 | 0 |
_aChristie´s review of the season 1974 _cedited by John Herbert. |
| 260 |
_aLondres : Nueva York _bHutchinson : Harry N. Abrams _c1974 |
||
| 300 |
_a512 p. _bil. (algunas a color) _c25 cm. |
||
| 500 | _aIncluye índice de nombres | ||
| 500 | _aDonación Dr. Héctor Rivero Borrell Vázquez | ||
| 650 | 1 | 4 |
_aArte _xColeccionistas y colecciones _97445 |
| 650 | 1 | 4 |
_aSubastas _xColeccionistas y colecciones _910730 |
| 700 | 1 |
_aHerbert, John _eEditor _913720 |
|
| 902 | _aDHR | ||
| 942 |
_2lcc _cB |
||
| 999 |
_c5051 _d5051 |
||